| 000 | 00523cam a2200193 i 4500 | ||
|---|---|---|---|
| 999 |
_c3935 _d3935 |
||
| 001 | 6844 | ||
| 003 | BD-DhUAP | ||
| 005 | 20200315152018.0 | ||
| 008 | 200315s1996 nyu 00| 0 eng | ||
| 020 | _a0026351838 | ||
| 040 |
_aDLC _cDLC _dBD-DhUAP _bEng |
||
| 082 | 0 | 0 |
_223 _a425 WRI |
| 245 |
_aWriter's choice : _bgrammar and composition : lesson plans. |
||
| 260 |
_aNew York : _bMcGraaw-hill, _cc1996. |
||
| 300 |
_aviii, 158 pages ; _c27 cm. |
||
| 650 | _aEngllish grammar. | ||
| 710 | _aMcGraaw-hill. | ||
| 942 |
_2ddc _cBK |
||